000 01051cam a2200289 a 4500
001 12784076
003 OSt
005 20170307141332.0
008 020521s2003 nyua 001 0 eng
010 _a 2002072203
020 _a0716743744
040 _aDLC
_cDLC
_dDLC
050 0 0 _aQD251.3
_b.V65 2003
082 0 0 _a547
_221
100 1 _aVollhardt, K. Peter C.
245 1 0 _aOrganic chemistry :
_bstructure and function.
250 _a4th ed. /
_bK. Peter C. Vollhardt, Neil E. Schore.
260 _aNew York :
_bW.H. Freeman and Co.,
_cc2003.
300 _a1 v. (various pagings) :
_bill. (some col.) ;
_c27 cm.
500 _aIncludes index.
650 0 _aChemistry, Organic.
700 1 _aSchore, Neil Eric,
_d1948-
856 4 2 _3Publisher description
_uhttp://www.loc.gov/catdir/enhancements/fy0912/2002072203-d.html
906 _a7
_bcbc
_corignew
_d1
_eocip
_f20
_gy-gencatlg
942 _2lcc
_cBK
999 _c256111
_d256110